<?xml version="1.0" encoding="UTF-8"?>
<record
    xmlns:xsi="http://www.w3.org/2001/XMLSchema-instance"
    xsi:schemaLocation="http://www.loc.gov/MARC21/slim http://www.loc.gov/standards/marcxml/schema/MARC21slim.xsd"
    xmlns="http://www.loc.gov/MARC21/slim">

  <leader>00699nam a22001577a 4500</leader>
  <controlfield tag="005">2012021600430.0</controlfield>
  <datafield tag="020" ind1=" " ind2=" ">
    <subfield code="c">000.00</subfield>
    <subfield code="a">8120202791</subfield>
  </datafield>
  <datafield tag="035" ind1=" " ind2=" ">
    <subfield code="a">A-613122</subfield>
  </datafield>
  <datafield tag="037" ind1=" " ind2=" ">
    <subfield code="a">DPL</subfield>
    <subfield code="b">ENG</subfield>
  </datafield>
  <datafield tag="100" ind1=" " ind2=" ">
    <subfield code="a">Varshney,D.C.</subfield>
    <subfield code="9">44282</subfield>
  </datafield>
  <datafield tag="245" ind1=" " ind2=" ">
    <subfield code="a">Myths and Symbols in Hindu Mythology/</subfield>
    <subfield code="c">by D.C.Varshney</subfield>
  </datafield>
  <datafield tag="260" ind1=" " ind2=" ">
    <subfield code="a">Delhi</subfield>
    <subfield code="b">Ajanta Publications</subfield>
    <subfield code="c">1990</subfield>
  </datafield>
  <datafield tag="300" ind1=" " ind2=" ">
    <subfield code="a">                                                      vii,183p.                                                                                                    </subfield>
    <subfield code="c">22cms.</subfield>
  </datafield>
  <datafield tag="942" ind1=" " ind2=" ">
    <subfield code="2">ddc</subfield>
    <subfield code="c">EN</subfield>
    <subfield code="h">230.1</subfield>
    <subfield code="m">VAR</subfield>
  </datafield>
  <datafield tag="999" ind1=" " ind2=" ">
    <subfield code="c">64375</subfield>
    <subfield code="d">64375</subfield>
  </datafield>
  <datafield tag="952" ind1=" " ind2=" ">
    <subfield code="0">0</subfield>
    <subfield code="1">0</subfield>
    <subfield code="4">0</subfield>
    <subfield code="7">0</subfield>
    <subfield code="8">NFIC</subfield>
    <subfield code="a">ZLS</subfield>
    <subfield code="b">ZLS</subfield>
    <subfield code="d">2012-03-26</subfield>
    <subfield code="g">0.00</subfield>
    <subfield code="l">0</subfield>
    <subfield code="o">230.1 VAR</subfield>
    <subfield code="p">A-613122</subfield>
    <subfield code="r">2012-03-26 00:00:00</subfield>
    <subfield code="v">0.00</subfield>
    <subfield code="w">2012-03-26</subfield>
    <subfield code="y">EN</subfield>
  </datafield>
</record>
